Equipes de l'année FIFA - Statistiques

Statistiques générales
  • Ce quiz a été pris 703 fois
  • Le résultat moyen est 158 sur 209
Statistiques - réponses
Groupe
Poste
Pays
Joueur
% Correct
2007 Attaquant Cristiano Ronaldo
97%
2008 Attaquant Cristiano Ronaldo
97%
2009 Attaquant Cristiano Ronaldo
97%
2010 Attaquant Cristiano Ronaldo
97%
2011 Attaquant Cristiano Ronaldo
97%
2012 Attaquant Cristiano Ronaldo
97%
2013 Attaquant Cristiano Ronaldo
97%
2014 Attaquant Cristiano Ronaldo
97%
2015 Attaquant Cristiano Ronaldo
97%
2016 Attaquant Cristiano Ronaldo
97%
2017 Attaquant Cristiano Ronaldo
97%
2018 Attaquant Cristiano Ronaldo
97%
2019 Attaquant Cristiano Ronaldo
97%
2020 Attaquant Cristiano Ronaldo
97%
2021 Attaquant Cristiano Ronaldo
97%
2007 Attaquant Lionel Messi
97%
2008 Attaquant Lionel Messi
97%
2009 Attaquant Lionel Messi
97%
2010 Attaquant Lionel Messi
97%
2011 Attaquant Lionel Messi
97%
2012 Attaquant Lionel Messi
97%
2013 Attaquant Lionel Messi
97%
2014 Attaquant Lionel Messi
97%
2015 Attaquant Lionel Messi
97%
2016 Attaquant Lionel Messi
97%
2017 Attaquant Lionel Messi
97%
2018 Attaquant Lionel Messi
97%
2019 Attaquant Lionel Messi
97%
2020 Attaquant Lionel Messi
97%
2021 Attaquant Lionel Messi
97%
2022 Attaquant Lionel Messi
97%
2023 Attaquant Lionel Messi
97%
2018 Attaquant Kylian Mbappé
94%
2019 Attaquant Kylian Mbappé
94%
2022 Attaquant Kylian Mbappé
94%
2023 Attaquant Kylian Mbappé
94%
2015 Milieu Luka Modrić
93%
2016 Milieu Luka Modrić
93%
2017 Milieu Luka Modrić
93%
2018 Milieu Luka Modrić
93%
2019 Milieu Luka Modrić
93%
2022 Milieu Luka Modrić
93%
2009 Milieu Andrés Iniesta
92%
2010 Milieu Andrés Iniesta
92%
2011 Milieu Andrés Iniesta
92%
2012 Milieu Andrés Iniesta
92%
2013 Milieu Andrés Iniesta
92%
2014 Milieu Andrés Iniesta
92%
2015 Milieu Andrés Iniesta
92%
2016 Milieu Andrés Iniesta
92%
2017 Milieu Andrés Iniesta
92%
2006 Gardien Gianluigi Buffon
91%
2007 Gardien Gianluigi Buffon
91%
2017 Gardien Gianluigi Buffon
91%
2008 Gardien Iker Casillas
91%
2009 Gardien Iker Casillas
91%
2010 Gardien Iker Casillas
91%
2011 Gardien Iker Casillas
91%
2012 Gardien Iker Casillas
91%
2013 Gardien Manuel Neuer
91%
2014 Gardien Manuel Neuer
91%
2015 Gardien Manuel Neuer
91%
2016 Gardien Manuel Neuer
91%
2022 Gardien Thibaut Courtois
90%
2023 Gardien Thibaut Courtois
90%
2008 Milieu Xavi Hernández
90%
2009 Milieu Xavi Hernández
90%
2010 Milieu Xavi Hernández
90%
2011 Milieu Xavi Hernández
90%
2012 Milieu Xavi Hernández
90%
2013 Milieu Xavi Hernández
90%
2021 Attaquant Erling Haaland
89%
2022 Attaquant Erling Haaland
89%
2023 Attaquant Erling Haaland
89%
2020 Milieu Kevin De Bruyne
89%
2021 Milieu Kevin De Bruyne
89%
2022 Milieu Kevin De Bruyne
89%
2023 Milieu Kevin De Bruyne
89%
2015 Attaquant Neymar Jr
88%
2017 Attaquant Neymar Jr
88%
2008 Défenseur Sergio Ramos
88%
2011 Défenseur Sergio Ramos
88%
2012 Défenseur Sergio Ramos
88%
2013 Défenseur Sergio Ramos
88%
2014 Défenseur Sergio Ramos
88%
2015 Défenseur Sergio Ramos
88%
2016 Défenseur Sergio Ramos
88%
2017 Défenseur Sergio Ramos
88%
2018 Défenseur Sergio Ramos
88%
2019 Défenseur Sergio Ramos
88%
2020 Défenseur Sergio Ramos
88%
2019 Défenseur Virgil van Dijk
85%
2020 Défenseur Virgil van Dijk
85%
2022 Défenseur Virgil van Dijk
85%
2019 Gardien Alisson Becker
82%
2020 Gardien Alisson Becker
82%
2005 Milieu Zinédine Zidane
82%
2006 Milieu Zinédine Zidane
82%
2020 Attaquant Robert Lewandowski
81%
2021 Attaquant Robert Lewandowski
81%
2023 Milieu Bernardo Silva
80%
2022 Attaquant Karim Benzema
80%
2018 Milieu N'Golo Kanté
80%
2021 Milieu N'Golo Kanté
80%
2013 Défenseur Thiago Silva
80%
2014 Défenseur Thiago Silva
80%
2015 Défenseur Thiago Silva
80%
2014 Milieu Toni Kroos
80%
2016 Milieu Toni Kroos
80%
2017 Milieu Toni Kroos
80%
2018 Attaquant Eden Hazard
79%
2019 Attaquant Eden Hazard
79%
2005 Attaquant Samuel Eto'o
79%
2006 Attaquant Samuel Eto'o
79%
2012 Défenseur Marcelo
78%
2015 Défenseur Marcelo
78%
2016 Défenseur Marcelo
78%
2017 Défenseur Marcelo
78%
2018 Défenseur Marcelo
78%
2019 Défenseur Marcelo
78%
2015 Milieu Paul Pogba
77%
2009 Défenseur Dani Alves
76%
2011 Défenseur Dani Alves
76%
2012 Défenseur Dani Alves
76%
2013 Défenseur Dani Alves
76%
2015 Défenseur Dani Alves
76%
2016 Défenseur Dani Alves
76%
2017 Défenseur Dani Alves
76%
2018 Défenseur Dani Alves
76%
2021 Gardien Gianluigi Donnarumma
76%
2016 Attaquant Luis Suárez
75%
2022 Défenseur Achraf Hakimi
74%
2021 Défenseur Rúben Dias
74%
2023 Défenseur Rúben Dias
74%
2018 Défenseur Raphaël Varane
73%
2010 Défenseur Gerard Piqué
72%
2011 Défenseur Gerard Piqué
72%
2012 Défenseur Gerard Piqué
72%
2016 Défenseur Gerard Piqué
72%
2005 Défenseur Paolo Maldini
71%
2006 Attaquant Thierry Henry
71%
2013 Défenseur Philipp Lahm
70%
2014 Défenseur Philipp Lahm
70%
2021 Défenseur David Alaba
68%
2023 Attaquant Vinícius Jr
68%
2013 Attaquant Zlatan Ibrahimović
68%
2020 Défenseur Alphonso Davies
67%
2005 Attaquant Ronaldinho
67%
2006 Attaquant Ronaldinho
67%
2007 Attaquant Ronaldinho
67%
2013 Attaquant Franck Ribéry
66%
2007 Défenseur Carles Puyol
63%
2008 Défenseur Carles Puyol
63%
2010 Défenseur Carles Puyol
63%
2012 Attaquant Radamel Falcao
63%
2007 Attaquant Didier Drogba
62%
2009 Défenseur Nemanja Vidić
62%
2011 Défenseur Nemanja Vidić
62%
2018 Gardien David de Gea
61%
2023 Défenseur Kyle Walker
61%
2011 Attaquant Wayne Rooney
61%
2005 Attaquant Andriy Shevchenko
60%
2014 Attaquant Arjen Robben
59%
2006 Défenseur Fabio Cannavaro
59%
2007 Défenseur Fabio Cannavaro
59%
2017 Défenseur Leonardo Bonucci
59%
2021 Défenseur Leonardo Bonucci
59%
2019 Milieu Frenkie de Jong
58%
2008 Attaquant Fernando Torres
56%
2009 Attaquant Fernando Torres
56%
2010 Attaquant David Villa
55%
2023 Milieu Jude Bellingham
55%
2008 Défenseur Rio Ferdinand
53%
2007 Milieu Steven Gerrard
53%
2008 Milieu Steven Gerrard
53%
2009 Milieu Steven Gerrard
53%
2005 Milieu Frank Lampard
52%
2005 Gardien Dida
51%
2006 Milieu Kaká
50%
2007 Milieu Kaká
50%
2008 Milieu Kaká
50%
2005 Défenseur Alessandro Nesta
49%
2007 Défenseur Alessandro Nesta
49%
2022 Milieu Casemiro
49%
2023 Défenseur John Stones
49%
2019 Défenseur Matthijs de Ligt
49%
2020 Défenseur Trent Alexander-Arnold
49%
2014 Défenseur David Luiz
47%
2021 Milieu Jorginho
47%
2005 Défenseur Cafu
44%
2022 Défenseur João Cancelo
44%
2020 Milieu Joshua Kimmich
42%
2014 Milieu Ángel Di María
41%
2006 Milieu Andrea Pirlo
40%
2011 Milieu Xabi Alonso
40%
2012 Milieu Xabi Alonso
40%
2006 Défenseur Lilian Thuram
39%
2010 Milieu Wesley Sneijder
39%
2009 Défenseur Patrice Évra
38%
2020 Milieu Thiago Alcántara
36%
2005 Milieu Claude Makélélé
34%
2005 Défenseur John Terry
33%
2006 Défenseur John Terry
33%
2007 Défenseur John Terry
33%
2008 Défenseur John Terry
33%
2009 Défenseur John Terry
33%
2010 Défenseur Maicon
21%
2006 Défenseur Gianluca Zambrotta
17%
2010 Défenseur Lúcio
17%
Aucun quiz correspondant
Distribution des résultats
% des personnes avec chaque résultat
Percentile par nombre de réponses
Votre historique - résultats
Vous n’avez pas pris ce quiz